| 000 | 00894nam a2200265 i 4500 | ||
|---|---|---|---|
| 003 | DO-SdBNP | ||
| 005 | 20230908130642.0 | ||
| 006 | a||||fr|||| 00| 0 | ||
| 007 | ta | ||
| 008 | 230908e1982 dr ||||| |||| 00| 0 spa d | ||
| 040 |
_aDO-SdBNP _bspa _cBNPHU _erda |
||
| 082 | 4 |
_222 _bU58p |
|
| 110 | 2 |
_aUnversidad Autónoma de Santo Domingo _923804 _eautor |
|
| 245 | 1 | 0 |
_aPlan de estudios para la carrera de ingeniería agronómica : _bcódigo: 90201. / |
| 264 |
_aSanto Domingo : _bAsociación de Estudiantes de Ing. Agronómica, _c1982 |
||
| 300 |
_a45 páginas ; _c20 cm. |
||
| 336 |
_2rdacontent _atexto _btxt |
||
| 337 |
_2rdamedia _asinmediación _bn |
||
| 338 |
_2rdacarrier _avolumen _bnc |
||
| 490 | _aOplau | ||
| 490 |
_aPlanes de Estudios ; _v2 |
||
| 500 | _aAsociación de Estudiantes de Ing. Agronómica Período 1979 - 1981. | ||
| 590 | _aInventariado 2023 / MF | ||
| 942 |
_2ddc _cLF2 |
||
| 999 |
_c54656 _d54656 |
||